000 00642nam a22002057a 4500
003 OSt
005 20251203102819.0
008 251203b |||||||| |||| 00| 0 eng d
020 _a978-971-581-290-0
040 _aDWCL - Main
_cOC
082 _aCirc. 635.07 G292h 2018
100 _aGealone-Corpus, Arlene May
245 _aHealth Herbs and Spices /
_cArlene May Gealone-Corpus
260 _aManila:
_bPhilippine Publication House,
_cc2018.
300 _a256 pages:
_bcolor illustration;
_c25 cm.
504 _aIncludes bibliographical references and index.
650 _a1. Herbs.
650 _a2. Spices.
942 _2ddc
_cBK-CIRC
_n0
999 _c6742
_d6742